| 000 | 00988nam a22002537a 4500 | ||
|---|---|---|---|
| 005 | 20170124103059.0 | ||
| 010 | _aB-079209 | ||
| 020 |
_c00.00 _a8186311807 |
||
| 035 | _aB-079209 | ||
| 037 | _bCen Lib/Ret | ||
| 040 |
_aDPL _bHN |
||
| 082 |
_aउ _bप्रेमचं |
||
| 100 |
_aप्रेमचंद _976010 |
||
| 245 |
_aकर्मभूमि / _cप्रेमचंद |
||
| 246 |
_aKaram bhoomi / _bby Premchand |
||
| 260 |
_aनयी दिल्ली _bप्रकाशन संस्थान _c2002 |
||
| 270 |
_bनयी दिल्ली _a4715/21, दयानंद मार्ग, दरियागंज _e110002 |
||
| 300 |
_a258पृ. _c21सेमी (सजिल्द) |
||
| 650 |
_aसाहित्य--उपन्यास _976011 |
||
| 650 |
_aहिन्दी उपन्यास _976012 |
||
| 650 |
_aLiterature--Fiction _976013 |
||
| 650 |
_aHindi novel _976014 |
||
| 942 |
_2ddc _cHN _hउ _mप्रेमचं |
||
| 999 |
_c117644 _d117644 |
||